00770nam a2200181Ia 4500008004100000020002200041050002100063245006700084260002100151300002200172500008400194650003100278650003900309942001200348952011300360952009800473999001700571120626s9999 xx 000 0 und d a978-970-781-087-704aKGF4605 J83 200810aEl juicio fiscal ¿que hacer? cautor, Magaly Juarez Arellano. aMéxicobGasca. aXIX, 324 paginas. aContiene: acerca de la autora\ indice de contenido\ abreviaturas\ introduccion\17aTRIBUNALES FISCALES-MEXICO17aIMPUESTOS-LEYES-LEGISLACION-MEXICO cLB2ddc 00104070a07b07d2011-11-08l4m1oKGF4605 J83 2008p07 002601r2019-02-27s2019-02-25t1w2012-06-26yLB 00104070a07b07d2012-01-10l0oKGF4605 J83 2008p07 002872r2015-06-06t2w2012-06-26yLB c67457d67457